[Event "IMSA Elite Mind Games (Blitz)"]
[Site "?"]
[Date "2017.12.13"]
[EventDate "?"]
[Round "21.2"]
[Result "1/2-1/2"]
[White "Vladislav Artemiev"]
[Black "Rauf Mamedov"]
[WhiteElo "2798"]
[BlackElo "2755"]
[PlyCount "197"]

1. e4 c5 2. Nf3 d6 3. Nc3 Nf6 4. e5 dxe5 5. Nxe5 a6 6. g3 Qc7
7. d4 cxd4 8. Qxd4 Nc6 9. Nxc6 Qxc6 10. Bg5 e6 11. Bxf6 gxf6
12. Qxf6 Rg8 13. O-O-O Be7 14. Qd4 Bd7 15. Bg2 Qxg2 16. Qxd7+
Kf8 17. Qc7 b5 18. Rhe1 Qxf2 19. Qc6 Rb8 20. Ne4 Qb6 21. Qc3
b4 22. Qe5 Rc8 23. Rf1 Qc6 24. Rd2 Rg7 25. Nf6 Qc4 26. Nd7+
Kg8 27. Nf6+ Kf8 28. Nd7+ Kg8 29. Nf6+ Kh8 30. Rdf2 Qxa2
31. Nh5 Bg5+ 32. Rf4 f6 33. Qd6 Qc4 34. R1f2 e5 35. Nxg7 Kxg7
36. h4 Bxf4+ 37. gxf4 exf4 38. Rg2+ Kf7 39. Qd7+ Kf8 40. Qd6+
Kf7 41. Qd7+ Kf8 42. Qg7+ Ke8 43. Qh8+ Kd7 44. Qxh7+ Ke6
45. Rd2 Rc7 46. Qg8+ Ke5 47. Re2+ Kf5 48. Qg2 Qc6 49. Qh3+ Kg6
50. Qg4+ Kf7 51. Qh5+ Kg7 52. Qg4+ Kf8 53. b3 f3 54. Rd2 Re7
55. Rd8+ Re8 56. Qxb4+ Kf7 57. Rd2 Qe4 58. Qxe4 Rxe4 59. Rf2
Rxh4 60. Rxf3 Ke6 61. Rc3 Kd5 62. Rd3+ Kc5 63. Rf3 a5 64. Rf5+
Kb4 65. Kb2 Rh2 66. Rxf6 Rg2 67. Rf5 Rh2 68. Rf4+ Kb5 69. Rc4
Rg2 70. Rc8 Rh2 71. Ka3 Rh1 72. Rb8+ Kc5 73. Rc8+ Kb5 74. c4+
Kb6 75. Rb8+ Ka6 76. Kb2 Rh3 77. Kc2 Rg3 78. Rd8 Kb6 79. Rd6+
Kb7 80. Rd3 Rg4 81. Kc3 Kb6 82. Rd6+ Kb7 83. Rd4 Rg3+ 84. Rd3
Rg4 85. Rd6 Rh4 86. Kd3 Rh3+ 87. Kc2 Rg3 88. Kb2 Rg1 89. Kc3
Rg3+ 90. Rd3 Rg4 91. Re3 Rh4 92. Re5 Kb6 93. Rb5+ Ka6 94. Rb8
Rh3+ 95. Kd4 Ka7 96. Rb5 Ka6 97. Rb8 Ka7 98. Rb5 Ka6 99. Ke4
1/2-1/2